00208nam a2200097Ia 4500100001800000654000900018245002200027260003400049082001500083546001200098 aHansen Augie  aunix aRescued by Unix bGalgotia PubaNew Delhic1995 a005.13 'U' aENGLISH